Paralelo 42 (Registro nro. 19418)

Detalles MARC
000 -CABECERA
Longitud fija campo de control 00639nam a22002177a 4500
003 - IDENTIFICADOR DELl NÚMERO DE CONTROL
Identificador del número de control OSt
005 - FECHA Y HORA DE LA ÚLTIMA TRANSACCIÓN
Fecha y hora de la última transacción 20150310101223.0
008 - CÓDIGOS DE INFORMACIÓN DE LONGITUD FIJA
Códigos de información de longitud fija 150310b xxu||||| |||| 00| 0 eng d
020 ## - NÚMERO INTERNACIONAL NORMALIZADO PARA LIBROS
Número Internacional Normalizado para Libros (ISBN) 84-02-08084-7
040 ## - FUENTE DE LA CATALOGACIÓN
Centro transcriptor BMC
082 ## - NÚMERO DE LA CLASIFICACIÓN DECIMAL DEWEY
Númeroo de clasificación 813.5
100 1# - PUNTO DE ACCESO PRINCIPAL-NOMBRE DE PERSONA
Nombre de persona Dos Passos, John
Fechas asociadas al nombre 1896-1970
9 (RLIN) 31519
245 10 - MENCIÓN DE TÍTULO
Título Paralelo 42
Mención de responsabilidad, etc. John Dos Passos ; [traducción del inglés Marcelo Cohen]
260 ## - PUBLICACIÓN, DISTRIBUCIÓN, ETC. (PIE DE IMPRENTA)
Lugar de publicación, distribución, etc. Barcelona
Nombre del editor, distribuidor, etc. Bruguera
Fecha de publicación, distribución, etc. cop. 1981
300 ## - DESCRIPCIÓN FÍSICA
Extensión 408 p., 4 h.
Dimensiones 18 cm
490 ## - MENCIÓN DE SERIE
Mención de serie Club
Designación de volumen o secuencia 80
595 ## - NOTA DE EDICIÓN E HISTORIA BIBLIOGRÁFICA
Nota de edición e historia bibliográfica Traducción de: 42nd parallel
650 24 - PUNTO DE ACCESO ADICIONAL DE MATERIA - TÉRMINO DE MATERIA
9 (RLIN) 17595
Término de materia o nombre geográfico como elemento inicial Novela norteamericana
700 1# - PUNTO DE ACCESO ADICIONAL - NOMBRE DE PERSONA
Nombre de persona Cohen, Marcelo‏
9 (RLIN) 32545
942 ## - ENTRADA DE ELEMENTOS AGREGADOS (KOHA)
Fuente de clasificaión o esquema Dewey Decimal Classification
Koha [por defecto] tipo de item 1- Monografias
Parte de clasificación ahoj
Existencias
Suprimido Perdido Fuente de clasificación o esquema Estropeado Restricciones de uso No para préstamo Código de colección Localización permanente Localización actual Localización en estanter&íacute;as Fecha adquisición Fuente de adquisición Número de inventario Préstamos totales Signatura completa Código de barras Fecha última consulta Coste, precio reemplazado Fecha del precio de reemplazo Tipo de item de Koha
NULL NULL Dewey Decimal Classification NULL Prestable NULL NULL Biblioteca Miguel de Cervantes - UNICAES Biblioteca Miguel de Cervantes - UNICAES Sala Principal 13/03/2015 Donación - Mayorga Rivas 028985   N DOS par 1029604 13/03/2015 24.00 13/03/2015 1- Monografias